|
|
|
|
| LEADER |
00954cam a2200289 7i4500 |
| 001 |
0000036444 |
| 005 |
20210118090000.0 |
| 007 |
##ta |
| 008 |
200901s2019 my eng |
| 020 |
# |
# |
|a 9781556530838 (vol. 3)
|
| 040 |
# |
# |
|a MATR
|
| 090 |
0 |
0 |
|a REF 025.431
|b DEW
|
| 100 |
1 |
# |
|a Dewey, Melvil,
|d 1851-1931
|e author
|
| 245 |
1 |
0 |
|a Dewey Decimal Classification :
|b Schedules 600 - 999 /
|c devised by Melvil Dewey.
|
| 264 |
# |
4 |
|a ♭.
|
| 264 |
# |
1 |
|a Dublin, Ohio-USA:
|b OCLC Online Computer Library Center,
|c 2019.
|
| 300 |
# |
# |
|a 1158, pages:
|b illustrations;
|c 25 cm.
|
| 336 |
# |
# |
|a text
|2 rdacontent
|
| 337 |
# |
# |
|a unmediated
|2 rdamedia
|
| 338 |
# |
# |
|a volume
|2 rdacarrier
|
| 504 |
# |
# |
|a Includes bibliographical references and index
|
| 650 |
1 |
0 |
|a Classification, Dewey Decimal
|
| 700 |
1 |
# |
|a Beall, Julianne
|
| 700 |
1 |
# |
|a Fox, Violet
|
| 700 |
1 |
# |
|a Kyrios, Alex
|
| 700 |
1 |
# |
|a Matthew, Winton E., Jr.,
|
| 999 |
|
|
|a B000041219
|b Book
|c Reference
|e Business Information Centre
|